000 00506nam a2200169 i 4500
001 25347
003 ES-MaACL
005 20251207063031.0
007 t|
008 021224s1910 sp ||||1| spa d
100 1 _aArmas y Cárdenas, José de,
_d1866-1919
_9171611
245 1 0 _aEnsayos críticos de literatura inglesa y española /
_cJosé de Armas y Cardenas.
260 _aMadrid :
_bFortanet,
_c1910.
300 _a314 p. ;
_c21 cm.
852 _aES-MaACL
_jF-4686
999 _c25347
_d25347